CATÁLOGO PÚBLICO DE LA BIBLIOTECA OSCAR VARSAVSKY

Síntesis Orgánica de la Estrategia General del Desarrollo. Aspectos metodológicos. (Registro nro. 6813)

Detalles MARC
000 -CABECERA
campo de control de longitud fija 00541nam a22001817a 4500
001 - NÚMERO DE CONTROL
campo de control T027600005678
008 - DATOS DE LONGITUD FIJA--INFORMACIÓN GENERAL
campo de control de longitud fija 181111b xve|||||r|||| 00| | esp d
099 ## - SIGNATURA TOPOGRÁFICA LOCAL
Número de clasificación IVP-D-02273
Cutter
100 ## - ENTRADA PRINCIPAL--NOMBRE DE PERSONA
Nombre de persona Oficina Central de Coordinación y Planificación (CORDIPLAN).
245 ## - MENCIÓN DE TÍTULO
Título Síntesis Orgánica de la Estrategia General del Desarrollo. Aspectos metodológicos.
260 ## - PUBLICACIÓN, DISTRIBUCIÓN, ETC. (PIE DE IMPRENTA)
Lugar de publicación, distribución, etc.
300 ## - DESCRIPCIÓN FÍSICA
Extensión 45
500 ## - NOTA GENERAL
Nota general Fotocopiado
650 ## - PUNTO DE ACCESO ADICIONAL DE MATERIA--TÉRMINO DE MATERIA
Término de materia o nombre geográfico como elemento inicial Planes de Desarrollo--Metodología--Venezuela.
650 ## - PUNTO DE ACCESO ADICIONAL DE MATERIA--TÉRMINO DE MATERIA
Término de materia o nombre geográfico como elemento inicial Venezuela
650 ## - PUNTO DE ACCESO ADICIONAL DE MATERIA--TÉRMINO DE MATERIA
Término de materia o nombre geográfico como elemento inicial Español
942 ## - ELEMENTOS DE PUNTO DE ACCESO ADICIONAL (KOHA)
Tipo de ítem Koha Libro
Existencias
Estado de retiro Estado de pérdida Estado dañado No para préstamo Código de colección Localización permanente Ubicación/localización actual Ubicación en estantería Fecha de adquisición Total de préstamos Signatura topográfica completa Código de barras Fecha visto por última vez Precio válido a partir de Tipo de ítem Koha
        IVP Oscar Varsavsky Oscar Varsavsky Caja N° 325 13.11.2018   IVP-D-02273 T027600005670 13.11.2018 13.11.2018 Documento